Solutions manual for basic statistics : a modern approach

Saved in:
Bibliographic Details
Main Author: Hamburg, Morris 1922-
Format: Book
Language:English
Published: San Diego, New York : Harcourt Brace Jovanovich, Publishers, c1985
Edition:3rd ed.
Subjects:
Tags: Add Tag
No Tags, Be the first to tag this record!

MARC

LEADER 00000nam a2200000 i 4500
001 1/45909
008 961118s1985 eng d
020 |a 0-15-505114-8 
035 |l 10026225 
040 |a GR-MY-UA  |b gre  |e aacr 
041 0 |a eng 
082 0 |a 519.5 
100 1 |a Hamburg, Morris  |d 1922- 
245 1 0 |a Solutions manual for basic statistics :  |b a modern approach /  |c Morris Hamburg 
250 |a 3rd ed. 
260 |a San Diego, New York :   |b Harcourt Brace Jovanovich, Publishers,   |c c1985 
300 |a 146 p. 
650 0 0 |a Statistics. 
852 |a INST  |b CHIOS  |e 19961118  |h 519.5 HAM  |p 005200010941  |q 005200010941  |t BK  |y 0 
909 |a Χ  |b 013264